MAKEUP MAKEUP MAKEUP! Quiz Stats

 Plays Quiz not verified by Sporcle

Score 0/20 Timer 07:00
7 Plays Today
hint makeup % Correct
????
100%
????
97%
????
96.7%
????
75.6%
????
74.6%
????
73%
????
71%
????
61.8%
????
61.7%
????
61.1%
hint makeup % Correct
????
57.6%
????
52.6%
????
52.4%
????
26.7%
????
25.4%
????
24.5%
????
23.9%
????
15.9%
????
15.9%
????
14.5%

You're not logged in!

Compare scores with friends on all Sporcle quizzes.
OR
Log In

Show Comments

Extras

Created Nov 24, 2010ReportNominate
Tags:makeup

Top Quizzes Today


Score Distribution

Your Account Isn't Verified!

In order to create a playlist on Sporcle, you need to verify the email address you used during registration. Go to your Sporcle Settings to finish the process.

Report this User

Report this user for behavior that violates our Community Guidelines.

Details: